Welcome to CU Library Online Public Access Catalogue (OPAC)

Automatic transmissions & transaxles / (Record no. 8161)

MARC details
000 -LEADER
fixed length control field 00939cam a2200265 a 4500
001 - CONTROL NUMBER
control field 2109924
005 - DATE AND TIME OF LATEST TRANSACTION
control field 20251108143543.0
008 - FIXED-LENGTH DATA ELEMENTS--GENERAL INFORMATION
fixed length control field 971105s1997 caua 000 0 eng
020 ## - INTERNATIONAL STANDARD BOOK NUMBER
International Standard Book Number 0671570137
Qualifying information classroom manual
020 ## - INTERNATIONAL STANDARD BOOK NUMBER
International Standard Book Number 0671570145
Qualifying information shop manual
020 ## - INTERNATIONAL STANDARD BOOK NUMBER
International Standard Book Number 9780671570132
Qualifying information (classroom manual)
020 ## - INTERNATIONAL STANDARD BOOK NUMBER
International Standard Book Number 9780671570149
Qualifying information (shop manual)
050 00 - LIBRARY OF CONGRESS CALL NUMBER
Classification number TL263
Item number .A896 1997
082 00 - DEWEY DECIMAL CLASSIFICATION NUMBER
Classification number 629.2/446
Edition information 21
245 00 - TITLE STATEMENT
Title Automatic transmissions & transaxles /
Statement of responsibility, etc. by Chek-Chart Publications ; William J. Turney, editor.
250 ## - EDITION STATEMENT
Edition statement 3rd ed.
260 ## - PUBLICATION, DISTRIBUTION, ETC.
Place of publication, distribution, etc. Sunnyvale, CA :
Name of publisher, distributor, etc. Chek-Chart Publications,
Date of publication, distribution, etc. c1997.
300 ## - PHYSICAL DESCRIPTION
Extent 2 v. :
Other physical details ill. ;
Dimensions 28 cm.
500 ## - GENERAL NOTE
General note Includes index.
650 #0 - SUBJECT ADDED ENTRY--TOPICAL TERM
Topical term or geographic name entry element Automobiles
General subdivision Transmission devices, Automatic.
650 #0 - SUBJECT ADDED ENTRY--TOPICAL TERM
Topical term or geographic name entry element Automobiles
General subdivision Transmission devices, Automatic
-- Maintenance and repair.
700 1# - ADDED ENTRY--PERSONAL NAME
Personal name Turney, William J.
710 2# - ADDED ENTRY--CORPORATE NAME
Corporate name or jurisdiction name as entry element Chek-Chart Publications (Firm)
942 ## - ADDED ENTRY ELEMENTS (KOHA)
Source of classification or shelving scheme Library of Congress Classification
Koha item type Books
Edition 3rd ed.
Suppress in OPAC No
999 ## -
-- 8161
-- 8161
Holdings
Withdrawn status Lost status Source of classification or shelving scheme Damaged status Not for loan Collection Home library Current library Shelving location Date acquired Total checkouts Full call number Barcode Date last seen Copy number Price effective from Koha item type
    Library of Congress Classification     Non-fiction Science Library (Miotso) Science Library (Miotso) General stacks 11/08/2025   TL263 .A896 AUT SLM00005616 11/08/2025 1 11/08/2025 Books
    Library of Congress Classification     Non-fiction Science Library (Miotso) Science Library (Miotso) General stacks 11/08/2025   TL263 .A896 AUT SLM00005617 11/08/2025 2 11/08/2025 Books
© 2023-2024 Copyright: Central University Libraries. All Rights Reserved | Created by: Mahone Tech Office